000
00288nam a2200109Ia 4500
001
1261702
005
20260417140357.0
008
260417s9999 xx 000 0 und d
020
_a
9786051852737
245
0
_a
Ferdi ve Şürakası
_c
Halit Ziya Uşaklıgil
260
_b
Everest Yayınları
999
_c
1261702
_d
1261702